[Event "Ch Croatia (team) (2nd league) (qual.)"]
[Site "masterchessopen.com - Split (Croatia)"]
[Date "2009.12.28"]
[Round "2"]
[White "Curic Drazan (CRO)"]
[Black "Bozinovic Bogdan (CRO)"]
[Result "1-0"]
[WhiteElo "2202"]
[BlackElo "2306"]

1.d4 Nf6 2.Nf3 c5 3.d5 e6 4.c4 exd5 5.cxd5 d6 6.Nc3 g6 7.g3 Bg7 8.Bg2 O-O
9.O-O a6 10.a4 Nbd7 11.Nd2 Re8 12.Nc4 Nb6 13.Na3 Bd7 14.h3 Qc7 15.Qb3 Rab8
16.a5 Nc8 17.Nc4 b5 18.axb6 Nxb6 19.Rxa6 Nbxd5 20.Nxd5 Nxd5 21.Qa3 Nb4 22.Ra7
Qd8 23.Nxd6 Re6 24.Bf4 Be5 25.Nxf7 Kxf7 26.Rd1 Ke8 27.Rdxd7 Qxd7 28.Rxd7 Kxd7
29.Qa7+ {#r} 1-0

[Event "It (open) \"]
[Site "masterchessopen.com - Schwaebisch Gmund (Germany)"]
[Date "2010.01.04"]
[Round "6"]
[White "Vaysberg Alexander (GER)"]
[Black "Rojas Keim Luis (CHI)"]
[Result "0-1"]
[WhiteElo "2223"]
[BlackElo "2357"]

1.d4 Nf6 2.Nf3 e6 3.c4 c5 4.d5 d6 5.Nc3 exd5 6.cxd5 g6 7.g3 Bg7 8.Bg2 O-O
9.O-O a6 10.a4 Re8 11.Nd2 Nbd7 12.h3 Rb8 13.Nc4 Ne5 14.Na3 Qc7 15.f4 Ned7
16.e4 c4 17.Kh2 Nc5 18.e5 dxe5 19.fxe5 Nh5 20.d6 Qd7 21.Nxc4 b5 22.axb5 axb5
23.Na5 Bxe5 24.Nc6 Nxg3 25.Re1 Nge4+ 26.Nxe5 Rxe5 27.Nxe4 Rxe4 28.Be3 Rxe3
29.Rxe3 Ne6 30.Rc1 Rb6 31.Rec3 Bb7 32.Rc7 Nxc7 33.dxc7 Rd6 34.Bxb7 Rd2+ 35.Bg2
Qd6+ {#R} 0-1

[Event "Tournament (open) \"]
[Site "masterchessopen.com - Moscow (Russia)"]
[Date "2010.01.05"]
[Round "3"]
[White "Shefer Alexander (RUS)"]
[Black "Kachar Vladimir (RUS)"]
[Result "0-1"]
[WhiteElo "2202"]
[BlackElo "2299"]

1.d4 Nf6 2.c4 e6 3.g3 c5 4.d5 exd5 5.cxd5 d6 6.Nc3 g6 7.Bg2 Bg7 8.Nf3 O-O
9.O-O Re8 10.Nd2 a6 11.a4 Nbd7 12.Nc4 Ne5 13.Nxe5 Rxe5 14.e4 Re8 15.h3 Rb8
16.Qd3 Qc7 17.Be3 Bd7 18.a5 Bb5 19.Nxb5 axb5 20.Qxb5 Nxe4 21.Rac1 Nxg3 22.Rfe1
Nf5 23.b4 Nxe3 24.bxc5 Bd4 25.cxd6 Qxd6 26.fxe3 Rxe3 27.Kh1 Qg3 28.Rxe3 Qxe3
29.Rd1 Be5 30.Qd3 Qf4 31.Kg1 Bd6 32.Qe4 Qh2+ 33.Kf2 Rc8 34.Qd3 Re8 35.Qf3 Bc5+
36.Kf1 Qg1# 0-1

[Event "Tournament (open) \"]
[Site "masterchessopen.com - Moscow (Russia)"]
[Date "2010.01.09"]
[Round "6"]
[White "Akunka Dmitry (RUS)"]
[Black "Kachar Vladimir (RUS)"]
[Result "0-1"]
[WhiteElo "2128"]
[BlackElo "2299"]

1.d4 Nf6 2.c4 e6 3.g3 c5 4.d5 exd5 5.cxd5 d6 6.Bg2 g6 7.Nc3 Bg7 8.Nf3 O-O
9.O-O a6 10.a4 Re8 11.Nd2 Nbd7 12.e4 Ne5 13.Qc2 Nh5 14.f4 Ng4 15.Nf3 f5 16.Ng5
Bd4+ 17.Kh1 Ng7 18.h3 Nf6 19.exf5 Bxf5 20.Qb3 Rb8 21.Qc4 Qd7 22.a5 h6 23.g4
hxg5 24.fxg5 Nxg4 25.hxg4 Bxg4 26.Ne4 Nh5 27.Ra3 Qh7 28.Be3 Ng3+ 29.Kg1 Ne2+
30.Qxe2 Bxe2 31.Rf2 Rxe4 32.Bxe4 Re8 33.Bxd4 Rxe4 34.Bf6 Qh4 35.Ra1 Qg3+ {#R}
0-1

[Event "Czech League 2009/10 (1st) West"]
[Site "masterchessopen.com - Czech Republic"]
[Date "2010.01.10"]
[Round "6"]
[White "Vybiral Zdenek (CZE)"]
[Black "Kucera Petr (CZE)"]
[Result "0-1"]
[WhiteElo "2217"]
[BlackElo "2374"]

1.d4 Nf6 2.c4 c5 3.d5 e6 4.Nc3 exd5 5.cxd5 d6 6.Nf3 g6 7.g3 Bg7 8.Bg2 O-O
9.O-O Re8 10.Nd2 a6 11.a4 Nbd7 12.Nc4 Nb6 13.Na3 Rb8 14.h3 Bd7 15.e4 Nc8
16.Rb1 b5 17.axb5 Bxb5 18.Naxb5 axb5 19.b4 Nd7 20.Qc2 Qc7 21.Ne2 Ne7 22.Be3 c4
23.Rfd1 Rec8 24.Nc3 Ne5 25.Bf1 Qd7 26.Kg2 f5 27.Bd4 fxe4 28.Nxe4 Nf5 29.Bc3 h6
30.Re1 g5 31.Rbd1 Rf8 32.Be2 Ra8 33.Qb2 Qf7 34.Rf1 Qg6 35.Nd2 h5 36.Nf3 Nxf3
37.Bxf3 g4 38.hxg4 hxg4 39.Be2 Rf7 40.Bxg7 Rxg7 41.Ra1 Re8 42.Qd2 Rh7 43.Rh1
Ne3+ 44.Qxe3 Rxe3 45.Rxh7 Rxe2 46.Rc7 Qe4+ {#R} 0-1

[Event "Ch New Zealand"]
[Site "masterchessopen.com - Auckland (New Zealand)"]
[Date "2010.01.11"]
[Round "10"]
[White "Steffenello Leonard (BRA)"]
[Black "Mc Laren Leonard (NZL)"]
[Result "0-1"]
[WhiteElo "2174"]
[BlackElo "2205"]

1.d4 Nf6 2.c4 e6 3.g3 c5 4.d5 exd5 5.cxd5 d6 6.Nc3 g6 7.Bg2 Bg7 8.Nf3 O-O
9.O-O a6 10.a4 Re8 11.Nd2 Nbd7 12.Nc4 Ne5 13.Nxe5 Rxe5 14.e4 Re8 15.Bg5 h6
16.Bf4 Rb8 17.Qc1 Kh7 18.Re1 Ng4 19.Nd1 b5 20.axb5 axb5 21.Ne3 Ne5 22.Bxe5
Bxe5 23.f4 Bd4 24.Kh1 Qf6 25.Ra2 c4 26.Rf1 h5 27.Nc2 Bc5 28.e5 Qf5 29.Ne1 h4
30.Nf3 hxg3 31.Ng5+ Kg7 32.Be4 Rh8 33.b4 cxb3 34.Rg2 Qg4 35.Qb2 Bf5 36.e6+ f6
37.Bxf5 Qxf5 38.Rxg3 Qxd5+ 39.Rg2 Ra8 40.Nf3 Ra2 41.Rd2 Qxd2 42.Qxd2 Rxd2
43.Nxd2 b2 44.Kg2 Re8 {#R} 0-1

[Event "It (cat.7)"]
[Site "masterchessopen.com - Kharkov (Ukraine)"]
[Round "9"]
[White "Olejnik A"]
[Black "Simantsev Mikhail (UKR)"]
[Result "0-1"]
[WhiteElo "2278"]
[BlackElo "2541"]

1.d4 Nf6 2.c4 e6 3.Nc3 c5 4.d5 exd5 5.cxd5 d6 6.Nf3 g6 7.g3 Bg7 8.Bg2 O-O
9.O-O a6 10.a4 Nbd7 11.Nd2 Re8 12.e4 Rb8 13.a5 b5 14.axb6 Nxb6 15.Qc2 Qc7
16.Re1 Nbxd5 17.Nxd5 Nxd5 18.Nc4 Nb4 19.Qd1 Be6 20.Qxd6 Qxd6 21.Nxd6 Red8
22.Rd1 Rb6 23.Bf4 g5 24.Nc4 Rxd1+ 25.Rxd1 Bxc4 {#R} 0-1

[Event "Ch Europe"]
[Site "masterchessopen.com - Rijeka (Croatia)"]
[Date "2010.03.06"]
[Round "1"]
[White "Arkell Keith C (ENG)"]
[Black "Vallejo Pons Francisco (ESP)"]
[Result "0-1"]
[WhiteElo "2439"]
[BlackElo "2697"]

1.d4 Nf6 2.Nf3 e6 3.c4 c5 4.d5 exd5 5.cxd5 d6 6.Nc3 g6 7.g3 Bg7 8.Bg2 O-O
9.O-O Re8 10.Nd2 a6 11.a4 Nbd7 12.Nc4 Ne5 13.Nxe5 Rxe5 14.Bf4 Re8 15.Qc2 Ng4
16.Rab1 Qc7 17.h3 Ne5 18.Ne4 Bf5 19.g4 Bxe4 20.Bxe4 b5 21.b4 c4 22.Bg2 c3
23.Rfc1 Nc4 24.Rb3 Qe7 25.axb5 axb5 26.e3 Rec8 27.Rxc3 Bxc3 28.Qxc3 Nb6 29.Qb2
Rxc1+ 30.Qxc1 Nc4 31.Bf1 g5 32.Bg3 Qf6 33.Qc2 Ra1 34.Qd3 Qf3 35.Kh2 Nd2 36.Bg2
Qd1 {#R} 0-1

[Event "Ch Europe (w)"]
[Site "masterchessopen.com - Rijeka (Croatia)"]
[Date "2010.03.08"]
[Round "3"]
[White "Gunina Valentina (RUS)"]
[Black "Borosova Zuzana (SVK)"]
[Result "1-0"]
[WhiteElo "2465"]
[BlackElo "2277"]

1.d4 Nf6 2.Nf3 e6 3.c4 c5 4.d5 exd5 5.cxd5 d6 6.Nc3 g6 7.g3 Bg7 8.Bg2 O-O
9.O-O Re8 10.Nd2 a6 11.a4 Nbd7 12.Nc4 Nb6 13.Na3 Bd7 14.e4 Qc7 15.h3 Nxa4
16.Nxa4 b5 17.e5 dxe5 18.d6 Qa7 19.Nc3 Rab8 20.Naxb5 Rxb5 21.Nxb5 Bxb5 22.Re1
e4 23.Bg5 h6 24.Bxf6 Bxf6 25.Rxe4 Rxe4 26.Bxe4 Bxb2 27.Ra2 Bd4 28.Qf3 Qd7
29.Bd5 Be5 30.Rd2 Kg7 31.Ba2 Bd4 32.Rd1 h5 33.Re1 Qxd6 34.Qxf7+ Kh6 35.Kh2 Qf6
36.Qxf6 Bxf6 37.Re6 Kg7 38.Bd5 c4 39.Rb6 Bd4 40.Rb7+ Kf6 41.f4 g5 42.Rf7+ Kg6
43.f5+ Kh6 44.Be4 h4 45.f6 g4 46.gxh4 {#r} 1-0

[Event "Ch Europe (w)"]
[Site "masterchessopen.com - Rijeka (Croatia)"]
[Date "2010.03.08"]
[Round "3"]
[White "Matveeva Svetlana (RUS)"]
[Black "Brunello Marina (ITA)"]
[Result "1-0"]
[WhiteElo "2379"]
[BlackElo "2212"]

1.d4 Nf6 2.c4 e6 3.Nc3 c5 4.d5 exd5 5.cxd5 d6 6.Nf3 g6 7.g3 Bg7 8.Bg2 O-O
9.O-O Re8 10.Nd2 a6 11.a4 Nbd7 12.Nc4 Ne5 13.Na3 Bd7 14.f4 Neg4 15.Nc4 Qe7
16.e4 Nh5 17.Bf3 f5 18.Nb6 Rad8 19.Bxg4 fxg4 20.Re1 Qf6 21.Be3 Qf7 22.Bf2 Rf8
23.Qd2 Rde8 24.Re2 Bc8 25.Rae1 g5 26.Nc4 Qg6 27.f5 Qf6 28.e5 dxe5 29.Ne4 Qh6
30.Bxc5 Bxf5 31.Bxf8 Rxf8 32.Ncd6 Bd7 33.Qxg5 Bxa4 34.Qxh6 Bxh6 35.Nc3 {#r}
1-0

[Event "Ch Bulgaria (juniors) (under 20) (g)"]
[Site "masterchessopen.com - Sofia (Bulgaria)"]
[Date "2010.03.09"]
[Round "3"]
[White "Ivanova Simoneta (BUL)"]
[Black "Stefanova Milena (BUL)"]
[Result "0-1"]
[WhiteElo "1839"]
[BlackElo "1997"]

1.d4 Nf6 2.c4 c5 3.d5 d6 4.Nc3 g6 5.Nf3 Bg7 6.g3 O-O 7.Bg2 a6 8.a4 e6 9.O-O
exd5 10.cxd5 Re8 11.Nd2 Nbd7 12.Nc4 Nb6 13.Na3 Bf5 14.a5 Nbd7 15.Nc4 Ne5
16.Nxe5 Rxe5 17.Bf4 Re8 18.Qa4 b5 19.axb6 Qxb6 20.e4 Bd7 21.Qc2 Rab8 22.Rfb1
Ng4 23.h3 Ne5 24.Na4 Qb3 25.Qxb3 Rxb3 26.Nc3 Rb6 27.Bf1 Ra8 28.Kg2 f5 29.f3 a5
30.Be3 fxe4 31.Nxe4 Rb3 32.Bf4 Bf5 33.Be2 Rb4 34.Bxe5 Bxe5 35.Ra2 Bxe4 36.fxe4
Rxe4 37.Bg4 Kg7 38.b3 Re3 39.Bf3 Rf8 40.Rf1 Bc3 41.Re2 Rfxf3 42.Rxe3 Rxe3
43.Rd1 Be5 {#R} 0-1

[Event "It \"]
[Site "masterchessopen.com - Kingston (Jamaica)"]
[Date "2010.03.19"]
[Round "6"]
[White "Pitterson Jomo (JAM)"]
[Black "Margvelashvili Giorgi (GEO)"]
[Result "0-1"]
[WhiteElo "2242"]
[BlackElo "2544"]

1.d4 Nf6 2.c4 e6 3.g3 c5 4.d5 exd5 5.cxd5 g6 6.Nc3 d6 7.Nf3 Bg7 8.Bg2 O-O
9.O-O a6 10.a4 Nbd7 11.Nd2 Re8 12.Nc4 Ne5 13.Na3 Nh5 14.h3 f5 15.Qc2 Rb8
16.Rb1 Qc7 17.Bd2 Bd7 18.Kh2 b5 19.b4 cxb4 20.Rxb4 bxa4 21.Rfb1 Rxb4 22.Rxb4
a5 23.Rb5 Bxb5 24.Naxb5 Qc5 25.Be3 Qb4 26.Nc7 Rc8 {#R} 0-1

[Event "Bundesliga 2009/10"]
[Site "masterchessopen.com - Austria"]
[Date "2010.03.27"]
[Round "8"]
[White "Mikhalevski Victor (ISR)"]
[Black "Kraemer Martin (GER)"]
[Result "1-0"]
[WhiteElo "2610"]
[BlackElo "2516"]

1.d4 Nf6 2.c4 e6 3.g3 c5 4.d5 exd5 5.cxd5 d6 6.Nc3 g6 7.Bg2 Bg7 8.Nf3 O-O
9.O-O Re8 10.Nd2 a6 11.a4 Nbd7 12.h3 Rb8 13.Nc4 Ne5 14.Na3 Nh5 15.e4 c4 16.Be3
Bd7 17.a5 Rc8 18.g4 Nf6 19.Bb6 Qe7 20.Qd2 h6 21.f4 Nd3 22.Nxc4 Nxf4 23.Rxf4
Rxc4 24.Raf1 Bb5 25.Nxb5 axb5 26.b3 Nxe4 27.Qe3 Rb4 28.Re1 Nc5 29.Qxe7 Rxe7
30.Rxe7 Rxf4 31.Bxc5 dxc5 32.Rxb7 c4 33.bxc4 Rxc4 34.d6 Rc1+ 35.Bf1 Rd1 36.d7
Bf6 37.a6 Kg7 38.Kg2 b4 39.Bc4 Be7 40.a7 Ra1 41.d8=Q {#r} 1-0

[Event "Bundesliga B East 2009/10"]
[Site "masterchessopen.com - Austria"]
[Date "2010.04.17"]
[Round "10"]
[White "Wukits Rene (AUT)"]
[Black "Pacher Milan (SVK)"]
[Result "1-0"]
[WhiteElo "2307"]
[BlackElo "2449"]

1.d4 Nf6 2.c4 e6 3.Nc3 c5 4.d5 exd5 5.cxd5 d6 6.Nf3 g6 7.Nd2 Bg7 8.g3 O-O
9.Bg2 Re8 10.O-O a6 11.a4 Nbd7 12.h3 Rb8 13.Nc4 Nb6 14.Na3 Bd7 15.a5 Nc8
16.Nc4 Bb5 17.Qb3 Qd7 18.Re1 b6 19.axb6 Nxb6 20.Na5 Rbc8 21.e4 h5 22.Bf4 Nh7
23.Nc6 g5 24.Be3 Bxc3 25.bxc3 Nc4 26.Bc1 h4 27.g4 Bxc6 28.dxc6 Qe6 29.Rxa6 d5
30.Qb5 Ne5 31.Be3 dxe4 32.Bxe4 Nf6 33.Bg2 Nfxg4 34.c7 Qf5 35.hxg4 Nxg4 36.Qe2
Ne5 37.Qh5 Rxc7 38.Rh6 Ng6 39.Rd1 Rxe3 40.fxe3 {#r} 1-0

[Event "It (open) \"]
[Site "masterchessopen.com - Bar (Montenegro)"]
[Date "2010.04.17"]
[Round "1"]
[White "Ljubisa Mitar (MNE)"]
[Black "Ivanovic Bozidar (MNE)"]
[Result "0-1"]
[WhiteElo "1996"]
[BlackElo "2409"]

1.d4 c5 2.d5 e6 3.c4 Nf6 4.Nc3 exd5 5.cxd5 d6 6.Nf3 g6 7.g3 Bg7 8.Bg2 O-O
9.O-O Re8 10.Nd2 a6 11.a4 Nbd7 12.h3 Qc7 13.Nc4 Ne5 14.Nxe5 Rxe5 15.Bf4 Re8
16.Qd2 Rb8 17.e4 Nd7 18.Rac1 Ne5 19.Ne2 Bd7 20.b3 b5 21.a5 b4 22.Be3 Bxh3
23.f3 Bxg2 24.Kxg2 Rb5 25.Rh1 h5 26.Rh4 Rxa5 27.Rch1 Qb7 28.Bg5 f6 29.Bh6 Bxh6
30.Qxh6 Ra2 31.Kf2 Qg7 32.Qe3 f5 33.Rd1 Ng4+ 34.fxg4 Rxe4 35.Qd3 Raxe2+ 36.Kf1
Qb2 37.gxf5 Rf2+ 38.Kg1 Rg2+ 39.Kh1 Rxh4+ {#R} 0-1

[Event "Ch Asia"]
[Site "masterchessopen.com - Olongapo City (Philippines)"]
[Date "2010.04.26"]
[Round "6"]
[White "Sundararajan Kidambi (IND)"]
[Black "Kuderinov Kirill (KAZ)"]
[Result "0-1"]
[WhiteElo "2449"]
[BlackElo "2481"]

1.d4 Nf6 2.c4 e6 3.g3 c5 4.d5 exd5 5.cxd5 d6 6.Nc3 g6 7.Bg2 Bg7 8.Nf3 O-O
9.O-O a6 10.a4 Nbd7 11.Nd2 Re8 12.h3 Rb8 13.Nc4 Ne5 14.Na3 Qc7 15.Bd2 Bf5
16.Rc1 h5 17.e4 Bd7 18.Be3 b5 19.axb5 axb5 20.b4 cxb4 21.Ncxb5 Qa5 22.Nxd6
bxa3 23.Nxe8 Bxe8 24.f4 Neg4 25.hxg4 Nxg4 26.Qd2 Qxd2 27.Bxd2 Bd4+ 28.Kh1 Bb5
29.Rf3 Bd3 30.Be1 Bxe4 31.Rxa3 Rb2 {#R} 0-1

[Event "Ch Ukraine"]
[Site "masterchessopen.com - Alushta (Ukraine)"]
[Date "2010.05.06"]
[Round "4"]
[White "Polyakov Maxim (UKR)"]
[Black "Tiba Vladyslav (UKR)"]
[Result "1-0"]
[WhiteElo "2281"]
[BlackElo "2038"]

1.d4 Nf6 2.c4 c5 3.d5 e6 4.Nc3 exd5 5.cxd5 d6 6.g3 g6 7.Bg2 Bg7 8.Nf3 O-O
9.O-O a6 10.a4 Re8 11.Nd2 Nbd7 12.h3 Rb8 13.Nc4 Ne5 14.Na3 Nh5 15.e4 Rf8
16.Kh2 f5 17.f4 b5 18.axb5 axb5 19.Naxb5 fxe4 20.Na7 Bd7 21.Nxe4 Nc4 22.Nc6
Bxc6 23.dxc6 Bd4 24.Ng5 Nxb2 25.Qg4 Qe7 26.Qe6+ Qxe6 27.Nxe6 Nd3 28.Nxf8 Bxa1
29.Nd7 Re8 30.Nb6 Re7 31.Nd5 Re1 32.c7 {#r} 1-0

[Event "Ch Czech Republic"]
[Site "masterchessopen.com - Ostrava (Czech Republic)"]
[Date "2010.05.06"]
[Round "6"]
[White "Cernousek Lukas (CZE)"]
[Black "Sikorova Olga (CZE)"]
[Result "1-0"]
[WhiteElo "2410"]
[BlackElo "2290"]

1.d4 Nf6 2.c4 g6 3.g3 Bg7 4.Bg2 c5 5.d5 d6 6.Nc3 O-O 7.Nf3 e6 8.O-O exd5
9.cxd5 a6 10.a4 Re8 11.Nd2 Nbd7 12.h3 Rb8 13.Nc4 Ne5 14.Na3 Nh5 15.e4 Bd7
16.a5 Qxa5 17.g4 Nf6 18.f4 Nexg4 19.hxg4 Nxg4 20.f5 Bd4+ 21.Kh1 Nf2+ 22.Rxf2
Bxf2 23.Bg5 Bd4 24.Nc2 Qb6 25.Nxd4 cxd4 26.Ne2 d3 27.Qxd3 Qxb2 28.Re1 Bb5
29.Qf3 Bxe2 30.Rxe2 Qa1+ 31.Kh2 f6 32.fxg6 hxg6 33.Bxf6 Re5 34.Bh3 Kh7 35.Rc2
Qa5 36.Bf5 Kg8 37.Qg3 {#r} 1-0

[Event "It (open) \"]
[Site "masterchessopen.com - Sarajevo (Bosnia & Herzegovina)"]
[Date "2010.05.07"]
[Round "3"]
[White "Sebenik Matej (SLO)"]
[Black "Kovacevic Aleksandar (SRB)"]
[Result "1-0"]
[WhiteElo "2516"]
[BlackElo "2582"]

1.d4 Nf6 2.c4 e6 3.g3 c5 4.d5 d6 5.Nc3 exd5 6.cxd5 g6 7.Nf3 Bg7 8.Bg2 O-O
9.O-O Re8 10.Nd2 Nbd7 11.a4 a6 12.h3 Rb8 13.Nc4 Ne5 14.Na3 Nh5 15.e4 Bd7 16.a5
Qxa5 17.g4 Nf6 18.f4 Nexg4 19.hxg4 Nxg4 20.f5 Bd4+ 21.Kh1 Nf2+ 22.Rxf2 Bxf2
23.Bg5 Qc7 24.Nc2 Bg3 25.Ne3 gxf5 26.Qh5 Be5 27.Rg1 f6 28.Bh6 Re7 29.Bh3+ Kh8
30.Bxf5 Rg8 31.Rxg8+ Kxg8 32.Be6+ Kh8 33.Nf5 Bxe6 34.dxe6 Bxc3 35.Nxe7 {#r}
1-0

[Event "Ch Commonwealth"]
[Site "masterchessopen.com - Delhi (India)"]
[Date "2010.05.12"]
[Round "4"]
[White "Hossain Enamul (BAN)"]
[Black "Narayanan Srinath (IND)"]
[Result "0-1"]
[WhiteElo "2478"]
[BlackElo "2383"]

1.d4 Nf6 2.c4 e6 3.g3 c5 4.d5 exd5 5.cxd5 d6 6.Nc3 g6 7.Bg2 Bg7 8.Nf3 O-O
9.O-O Re8 10.Nd2 a6 11.a4 Nbd7 12.h3 Rb8 13.Nc4 Ne5 14.Na3 Nh5 15.e4 Bd7
16.Ne2 b5 17.f4 b4 18.Nb1 Nc4 19.Qb3 Na5 20.Qf3 f5 21.Nd2 fxe4 22.Nxe4 Bf5
23.Nf2 Rxe2 24.g4 Qe7 25.gxf5 Bd4 26.Kh2 Re8 27.fxg6 hxg6 28.Ng4 Qh4 29.f5
Rxg2+ 30.Qxg2 Re2 31.Nf2 Bxf2 32.Bg5 Qd4 33.Rae1 Qe5+ {#R} 0-1

[Event "Tournament (open) \"]
[Site "masterchessopen.com - Athens (Greece)"]
[Date "2010.05.28"]
[Round "3"]
[White "Tepelenis Nikolaos (GRE)"]
[Black "Sienczewski Zbigniew (POL)"]
[Result "1-0"]
[WhiteElo "2206"]
[BlackElo "2152"]

1.d4 c5 2.d5 Nf6 3.g3 e6 4.c4 exd5 5.cxd5 d6 6.Nc3 g6 7.Bg2 Bg7 8.Nf3 O-O
9.O-O a6 10.a4 Re8 11.Nd2 Nbd7 12.Qb3 Rb8 13.Nc4 Ne5 14.Nb6 Bf5 15.a5 Qc7
16.h3 h5 17.e4 Bd7 18.Rd1 Bc8 19.f4 Ned7 20.Nc4 b5 21.axb6 Nxb6 22.Na5 c4
23.Qa3 Nfd7 24.Nc6 Ra8 25.e5 Nc5 26.Be3 Nb3 27.Qb4 Nxa1 28.Bxb6 a5 29.Qb5 Qd7
30.Rxa1 Ba6 31.Qa4 Qf5 32.exd6 Bf8 33.Ne7+ Bxe7 34.dxe7 Bb7 35.d6 Bxg2 36.Kxg2
h4 37.Qxc4 hxg3 38.Qe4 Qd7 39.Qd5 Rac8 40.Ne4 Rc2+ 41.Kxg3 Kg7 {#r} 1-0

[Event "It (cat.3)"]
[Site "masterchessopen.com - Asuncion (Paraguay)"]
[Date "2010.05.29"]
[Round "9"]
[White "Soppe Guillermo (ARG)"]
[Black "Ferreira Oscar (PAR)"]
[Result "1-0"]
[WhiteElo "2431"]
[BlackElo "2286"]

1.d4 Nf6 2.c4 e6 3.g3 c5 4.d5 exd5 5.cxd5 d6 6.Nc3 g6 7.Bg2 Bg7 8.Nf3 O-O
9.O-O a6 10.a4 Re8 11.Nd2 Nbd7 12.Ra2 Rb8 13.a5 b5 14.axb6 Nxb6 15.b3 Ra8
16.Bb2 Bd7 17.Qa1 Bb5 18.Re1 Rb8 19.Nde4 Nxe4 20.Nxe4 Bxb2 21.Qxb2 Nxd5 22.Rd1
Rxe4 23.Bxe4 Nb4 24.Raa1 Qe7 25.Bf3 Bd7 26.Rd2 Be6 27.Rad1 Rb6 28.h4 h5 29.Qc3
Kh7 30.Qe3 Qf6 31.Rxd6 Rxd6 32.Rxd6 Nc2 33.Qxc5 Qa1+ 34.Kh2 Ne1 35.Be4 Qb2
36.Rxe6 fxe6 37.Qe7+ Qg7 38.Qxg7+ {#r} 1-0

[Event "It (open)"]
[Site "masterchessopen.com - Mesa (USA)"]
[Date "2010.06.08"]
[Round "8"]
[White "Ristovic Nenad (CAN)"]
[Black "Aldama Degurnay (MEX)"]
[Result "1-0"]
[WhiteElo "2216"]
[BlackElo "2419"]

1.d4 Nf6 2.c4 c5 3.d5 e6 4.Nc3 exd5 5.cxd5 d6 6.g3 g6 7.Bg2 Bg7 8.Nf3 O-O
9.O-O Re8 10.Nd2 a6 11.a4 Nbd7 12.h3 Rb8 13.Nc4 Ne5 14.Na3 Qc7 15.f4 Ned7
16.e4 c4 17.Qe2 b5 18.axb5 axb5 19.Be3 b4 20.Nab5 Qd8 21.Nxd6 bxc3 22.bxc3 Nh5
23.Nxe8 Qxe8 24.Qxc4 Nxg3 25.Rfb1 Rxb1+ 26.Rxb1 Bh6 27.Kf2 Nh5 28.e5 g5 29.e6
gxf4 30.Bd4 Bg5 31.exd7 Bxd7 32.Qc7 Bd8 33.Qe5 Qxe5 34.Bxe5 Bh4+ 35.Kf3 Kf8
36.Rb7 Ke7 37.Bxf4 Nxf4 38.Kxf4 Bf6 39.c4 Bd4 40.Be4 Kd6 41.Bf5 Ba4 42.Rxf7 h6
{#r} 1-0

[Event "It (open) (b)"]
[Site "masterchessopen.com - Voronezh (Russia)"]
[Date "2010.06.12"]
[Round "1"]
[White "Orekhov Nikolai (RUS)"]
[Black "Magrifin Iljanur (RUS)"]
[Result "0-1"]
[WhiteElo "1914"]
[BlackElo "2166"]

1.d4 Nf6 2.c4 e6 3.g3 c5 4.d5 exd5 5.cxd5 d6 6.Bg2 g6 7.Nf3 Bg7 8.O-O O-O
9.Nc3 Re8 10.Nd2 a6 11.a4 Nbd7 12.Nc4 Nb6 13.Nxb6 Qxb6 14.e4 Ng4 15.Qc2 f5
16.h3 Ne5 17.Kh2 fxe4 18.Nxe4 Bf5 19.f4 Nf7 20.g4 Bxe4 21.Bxe4 Re7 22.Ra3 Rae8
23.Bf3 Qb4 24.Rf2 c4 25.Ra2 b5 26.axb5 axb5 27.Bd2 Qc5 28.Bc3 b4 29.Bxg7 b3
30.Qd2 bxa2 31.b4 cxb3 32.Bd4 Qxd4 33.Qxd4 Re1 34.Bd1 Ra8 35.Qa1 Rxd1 36.Qxd1
a1=Q {#R} 0-1

[Event "It (open)"]
[Site "masterchessopen.com - Teplice (Czech Republic)"]
[Date "2010.06.14"]
[Round "3"]
[White "Kovar Vojtech (CZE)"]
[Black "Sisak Richard (CZE)"]
[Result "1-0"]
[WhiteElo "2343"]
[BlackElo "2036"]

1.d4 g6 2.c4 Bg7 3.Nc3 c5 4.d5 d6 5.g3 Nf6 6.Bg2 O-O 7.Nf3 e6 8.O-O exd5
9.cxd5 a6 10.a4 Nbd7 11.Nd2 Re8 12.Nc4 Ne5 13.Na3 Rb8 14.h3 Nh5 15.e4 Rf8
16.Kh2 b5 17.axb5 axb5 18.Naxb5 f5 19.exf5 Bxf5 20.Na7 Bd3 21.Nc6 Bxf1 22.Nxd8
Rxf2 23.Kg1 Rxg2+ 24.Kxf1 Rxg3 25.Ne6 Rf3+ 26.Ke1 Rxh3 27.Qa4 Rh2 28.Qa7 Re8
29.Qb7 Nd3+ 30.Kd1 c4 31.Ne4 Bxb2 32.Ra7 Rh1+ 33.Ke2 Rh2+ 34.Kf1 Ng3+ 35.Nxg3
{#r} 1-0

[Event "It (open)"]
[Site "masterchessopen.com - Heviz (Hungary)"]
[Date "2010.06.20"]
[Round "2"]
[White "Berczes David (HUN)"]
[Black "Nagy Ervin (HUN)"]
[Result "0-1"]
[WhiteElo "2520"]
[BlackElo "2269"]

1.d4 Nf6 2.c4 e6 3.g3 c5 4.d5 exd5 5.cxd5 d6 6.Nc3 g6 7.Bg2 Bg7 8.Nf3 O-O
9.O-O a6 10.a4 Re8 11.Nd2 Nbd7 12.h3 Rb8 13.Nc4 Nb6 14.Na3 Bf5 15.g4 Bd7 16.e4
h5 17.g5 Nh7 18.h4 Bxc3 19.bxc3 Nxa4 20.Bf4 Nxc3 21.Qd3 Nb5 22.Rfe1 Qc7 23.Qg3
Rbd8 24.Nc4 Bc8 25.e5 dxe5 26.Rxe5 Rxe5 27.Bxe5 Qd7 28.Qe3 Qg4 29.Qxc5 Qxh4
30.f4 Bh3 31.Qe3 Bxg2 32.Kxg2 Qg4+ 33.Kf2 Nxg5 34.Rh1 Rxd5 35.Bf6 Ne6 36.Rg1
Qxf4+ 37.Qxf4 Nxf4 38.Kf3 Rf5 {#R} 0-1

[Event "It (open)"]
[Site "masterchessopen.com - Voronezh (Russia)"]
[Date "2010.06.20"]
[Round "8"]
[White "Sukhareva Evgeniya (RUS)"]
[Black "Matinian Nikita (RUS)"]
[Result "0-1"]
[WhiteElo "2176"]
[BlackElo "2354"]

1.d4 Nf6 2.c4 c5 3.d5 d6 4.Nc3 g6 5.Nf3 Bg7 6.g3 e6 7.Bg2 exd5 8.cxd5 O-O
9.O-O Re8 10.Nd2 a6 11.a4 Nbd7 12.Nc4 Ne5 13.Na3 Nh5 14.Bd2 f5 15.Rb1 Bd7
16.b4 c4 17.b5 Qc8 18.Qc1 Rf8 19.a5 f4 20.gxf4 Bh3 21.f3 Bxg2 22.Kxg2 Nd7
23.Rb4 axb5 24.Ncxb5 c3 25.Be3 Rxa5 26.Nxd6 Qa8 27.Ndb5 Re8 28.Nc7 Qc8 29.Nxe8
Qxe8 30.Rd1 Rxa3 31.Qxa3 Qxe3 32.Re4 Nxf4+ 33.Kf1 c2 34.Qxe3 cxd1=Q+ 35.Kf2
Nxd5 36.Re8+ Nf8 37.Qe6+ Kh8 38.Qf7 Qd4+ 39.Ke1 Qc5 {#R} 0-1

[Event "Tournament (scheveningen)"]
[Site "masterchessopen.com - Kefar Sava (Israel)"]
[Date "2010.06.29"]
[Round "8"]
[White "Belytsky Alexandr (RUS)"]
[Black "Levine Yonatan (ISR)"]
[Result "0-1"]
[WhiteElo "2252"]
[BlackElo "2080"]

1.d4 Nf6 2.c4 e6 3.Nc3 c5 4.d5 exd5 5.cxd5 d6 6.Nf3 g6 7.g3 Bg7 8.Bg2 O-O
9.O-O a6 10.a4 Re8 11.Nd2 Nbd7 12.Nc4 Ne5 13.Na3 Nh5 14.h3 f5 15.Kh2 Bd7
16.Bd2 Rb8 17.f4 Nf7 18.Nc4 b5 19.axb5 axb5 20.Na5 b4 21.Nb1 Ra8 22.Nb3 Rxa1
23.Nxa1 Bxb2 24.Nc2 Ba4 25.Bc1 {#R} 0-1

[Event "Ch Turkey (team)"]
[Site "masterchessopen.com - Konya (Turkey)"]
[Date "2010.07.02"]
[Round "5"]
[White "Deruni Berc (TUR)"]
[Black "Yilmaz Mustafa (TUR)"]
[Result "0-1"]
[WhiteElo "2142"]
[BlackElo "2482"]

1.d4 Nf6 2.Nf3 e6 3.c4 c5 4.d5 d6 5.Nc3 exd5 6.cxd5 g6 7.g3 Bg7 8.Bg2 O-O
9.O-O Re8 10.Nd2 a6 11.a4 Nbd7 12.Nc4 Ne5 13.Na3 Nh5 14.Rb1 f5 15.b4 c4 16.Nc2
Rb8 17.b5 axb5 18.Nxb5 Nf6 19.Ba3 Nf7 20.Rb4 Bd7 21.Rxc4 Bxb5 22.axb5 Ra8
23.Bb2 Ne5 24.Rb4 Qa5 25.Rb3 Nfd7 26.Nd4 Nc5 27.Bc3 Qb6 28.Rb1 Nc4 29.Ra1 Rac8
30.e3 Ne4 31.Bb4 Nxf2 32.Rxf2 Nxe3 33.Ba5 Qxd4 {#R} 0-1

[Event "Ch Sweden (juniors)"]
[Site "masterchessopen.com - Lund (Sweden)"]
[Date "2010.07.03"]
[Round "1"]
[White "Morin Max"]
[Black "Janse Rasmus (SWE)"]
[Result "0-1"]
[WhiteElo "1715"]
[BlackElo "2178"]

1.d4 e6 2.c4 c5 3.d5 exd5 4.cxd5 d6 5.g3 g6 6.Nc3 Nf6 7.Bg2 Bg7 8.Nf3 O-O
9.O-O a6 10.a4 Nbd7 11.Nd2 Re8 12.Nc4 Nb6 13.Na3 Bd7 14.a5 Nc8 15.Nc4 Qc7
16.e4 b5 17.axb6 Nxb6 18.Nxb6 Qxb6 19.f4 Ng4 20.Qf3 Bd4+ 21.Kh1 c4 22.Nd1 f5
23.exf5 Bxf5 24.h3 h5 {#R} 0-1